| 000 | 00619cab a22001935a 4500 | ||
|---|---|---|---|
| 001 | L153597 | ||
| 008 | 110809e2011 xxk 000 0 eng d | ||
| 020 | _a9781848062092 | ||
| 035 | _a(Sirsi) u153597 | ||
| 041 | 0 | _aeng | |
| 100 | 1 | _aThorne, A | |
| 245 | 0 | 0 | _aLarge-scale low-carbon heating |
| 260 | _aBracknell: BRE publication, 2011 | ||
| 490 | _aBRE Information Paper 9/11 | ||
| 520 | _aIntroductory guide for anyone interested in generating heat using large-scale low-carbon heat sources but who has little or no prior knowledge of the subject. | ||
| 690 | _aCARBON HEATING | ||
| 710 | _aBRE | ||
| 942 | _n0 | ||
| 999 |
_c83335 _d83335 |
||